LEADER 01032nam--2200361---450 001 990002716710203316 005 20220601120953.0 035 $a000271671 035 $aUSA01000271671 035 $a(ALEPH)000271671USA01 035 $a000271671 100 $a20060306d1969----km-y0itay0103----ba 101 $afre 102 $aBE 105 $a-|||||||001yy 200 1 $aA ciel ouvert$fElie Willaime 210 $aBruxelles$cLa Dryade$d1969 215 $a101 p.$d16 cm 676 $a843.91 700 1$aWILLAIME,$bElie$0592674 801 0$aIT$bsalbc$gISBD 912 $a990002716710203316 951 $aXV.4.A. 84$bL.M.$cXV.4.A. 951 $aXV.4.A. 84a$b215910 L.M.$cXV.4.A.$d00150575 959 $aBK 969 $aFF 979 $aSENATORE$b90$c20060306$lUSA01$h1223 979 $aSENATORE$b90$c20060307$lUSA01$h1220 979 $aMARIAS$b90$c20090204$lUSA01$h1041 979 $aMARIAS$b90$c20090204$lUSA01$h1042 979 $aMARIAS$b90$c20110215$lUSA01$h1734 996 $aA ciel ouvert$91000022 997 $aUNISA LEADER 01938nam0 22004333i 450 001 VAN0263739 005 20231206120249.510 017 70$2N$a9783540388272 100 $a20230926d1986 |0itac50 ba 101 $aeng 102 $aDE 105 $a|||| ||||| 200 1 $aCurvature and Topology of Riemannian Manifolds$eProceedings of the 17. International Taniguchi Symposium held in Katata, Japan, August 26-31, 1985$fedited by Katsuhiro Shiohama, Takashi Sakai, Toshikazu Sunada 210 $aBerlin$cSpringer$d1986 215 $avi, 336 p.$d24 cm 461 1$1001VAN0102250$12001 $aLecture notes in mathematics$1210 $aBerlin [etc.]$cSpringer$v1201 606 $a58-XX$xGlobal analysis, analysis on manifolds [MSC 2020]$3VANC019758$2MF 606 $a53-XX$xDifferential geometry [MSC 2020]$3VANC019813$2MF 606 $a00B25$xProceedings of conferences of miscellaneous specific interest [MSC 2020]$3VANC020732$2MF 610 $aCompactification$9KW:K 610 $aCurvature$9KW:K 610 $aImmersion$9KW:K 610 $aIsometrie$9KW:K 610 $aManifolds$9KW:K 610 $aSets$9KW:K 610 $aTopology$9KW:K 620 $dBerlin$3VANL000066 702 1$aSakai$bTakashi$3VANV218005 702 1$aShiohama$bKatsuhiro$3VANV218004 702 1$aSunada$bToshikazu$3VANV045951 712 $aSpringer $3VANV108073$4650 801 $aIT$bSOL$c20240614$gRICA 856 4 $uhttps://doi.org/10.1007/BFb0075643$zE-book ? Accesso al full-text attraverso riconoscimento IP di Ateneo, proxy e/o Shibboleth 899 $aBIBLIOTECA DEL DIPARTIMENTO DI MATEMATICA E FISICA$1IT-CE0120$2VAN08 912 $fN 912 $aVAN0263739 950 $aBIBLIOTECA DEL DIPARTIMENTO DI MATEMATICA E FISICA$d08CONS e-book 6776 $e08eMF6776 20231003 996 $aCurvature and topology of riemannian manifolds$9262540 997 $aUNICAMPANIA